000 00419nam a2200157Ia 4500
008 230917s9999||||xx |||||||||||||| ||und||
040 _e197145
_aMAIN
041 _aEnglish
082 _a362.29186 P419C(4)
100 _aPerkinson, Robert
245 0 _aChemical dependency counseling: A practical guide
250 _a4th ed.
260 _aLondon
_bSage Publications
_c2012
300 _axxiii, 849 p.
942 _cBK
999 _c159684
_d159684